Central Library OPAC University of Rajshahi

The incidence of income taxes / (Record no. 43725)

MARC details
000 -LEADER
fixed length control field 00677nam a2200241 a 4500
001 - CONTROL NUMBER
control field 43725
003 - CONTROL NUMBER IDENTIFIER
rucl marc code BD-RjUL
005 - DATE AND TIME OF LATEST TRANSACTION
control field 20211209053738.0
008 - FIXED-LENGTH DATA ELEMENTS--GENERAL INFORMATION
fixed length control field 160626r19651939enk 001 0 eng d
035 ## - SYSTEM CONTROL NUMBER
System control number (BD-RjUL)43843
040 ## - CATALOGING SOURCE
Original cataloging agency BD-RjUL
Language of cataloging eng
Modifying agency BD-RjUL
Transcribing agency BD-RjUL
041 ## - LANGUAGE CODE
Language code of text/sound track or separate title eng
082 ## - DEWEY DECIMAL CLASSIFICATION NUMBER
Edition number 23
Classification number 336.24
Author mark and year BLI 1965
100 1# - MAIN ENTRY--PERSONAL NAME
Personal name Black, Duncan.
9 (RLIN) 134375
245 14 - TITLE STATEMENT
Title The incidence of income taxes /
Statement of responsibility, etc. Duncan Black.
250 ## - EDITION STATEMENT
Edition statement New impr.
260 ## - PUBLICATION, DISTRIBUTION, ETC. (IMPRINT)
Place of publication, distribution, etc. London :
Name of publisher, distributor, etc. Frank Cass,
Date of publication, distribution, etc. 1939 [New impresion1965]
300 ## - PHYSICAL DESCRIPTION
Pagination 316 p. ;
Size 23 cm.
500 ## - GENERAL NOTE
General note Includes index.
650 #0 - SUBJECT ADDED ENTRY--TOPICAL TERM
Topical term or geographic name as entry element Income tax
9 (RLIN) 134376
Topical term or geographic name as entry element Income tax
Geographic subdivision Great Britain
9 (RLIN) 134242
942 ## - ADDED ENTRY ELEMENTS (KOHA)
Source of classification or shelving scheme Dewey Decimal Classification
Koha item type Books
Holdings
Lost status Source of classification or shelving scheme Damaged status Not for loan Collection code Permanent Location Current Location Shelving location Date acquired Source of acquisition Cost, normal purchase price Total Checkouts Full call number Date last seen Copy number Koha item type
  Dewey Decimal Classification     Non-fiction Central Library, University of Rajshahi Central Library, University of Rajshahi   12/06/1968 Zeitlinger 45.00   336.24 BLI 1965 26/06/2016 C-2 Books